000 00560nam a2200193 4500
005 20241007170850.0
010 _aENG-141939
020 _a9788129145222
_c195.00
035 _aEN-125471
037 _bDBAD
082 _a954
_21
100 _aJoshi, Yugal
_972448
245 _aWomen Warriors in Indian History/
_cBy Yugal Joshi
250 _a1
260 _aNew Delhi
_bRupa Publications India Pvt. Ltd.
_c2017
270 _a7/16,Ansari Road, Daryaganj
_bNew Delhi
_e110002
300 _ax,177p.
_c20cm(pb)
942 _2ddc
_cEN
_h954
_mJOS
999 _c206156
_d206156